Statistics for 4 Goats and Their Teams

Click here to take the quiz!

General Stats

  • This quiz has been taken 47 times
  • The average score is 18 of 21

Answer Stats

PlayerAnswer% Correct
Lionel MessiBarcelona
100%
Neymar JrBarcelona
100%
Zlatan IbrahimovicBarcelona
100%
Cristiano RonaldoManchester United
98%
Zlatan IbrahimovicManchester United
98%
Cristiano RonaldoManchester United
98%
Neymar JrParis Saint-Germain
95%
Lionel MessiParis Saint-Germain
95%
Zlatan IbrahimovicParis Saint-Germain
95%
Cristiano RonaldoReal Madrid
95%
Zlatan IbrahimovicJuventus
93%
Cristiano RonaldoJuventus
93%
Zlatan IbrahimovicAC Milan
88%
Zlatan IbrahimovicAC Milan
88%
Zlatan IbrahimovicInter Milan
88%
Cristiano RonaldoSporting
88%
Neymar JrSantos
78%
Zlatan IbrahimovicAjax
73%
Cristiano RonaldoAl Nassr
65%
Zlatan IbrahimovicLA Galaxy
63%
Zlatan IbrahimovicMalmo FF
25%

Score Distribution

Percentile by Number Answered

Percent of People with Each Score

Your Score History

You have not taken this quiz